Systems Perspectives on Resources, Capabilities, and Management Processes /

Uloženo v:
Podrobná bibliografie
Hlavní autor: Morecroft, John (ed.)
Další autoři: Sánchez, Ron (edición) (edición), Heene, Aimé (edición) (edición)
Médium: Kniha
Jazyk:angličtina
Vydáno: Amsterdam, Holanda : Pergamon, 2002, c2002
Témata:
Tagy: Přidat tag
Žádné tagy, Buďte první, kdo vytvoří štítek k tomuto záznamu!

MARC

LEADER 00000nam^a2200000^a^4500
001 000136021
005 20250521000000.0
009 20260310095304.804
020 |a 0-08-043778-8 
037 |a Acervo ITESO - Biblioteca 
041 |a ING 
082 |a 658. 4012  |b MOR 
100 |a Morecroft, John  |e (ed.) 
245 1 0 |a Systems Perspectives on Resources, Capabilities, and Management Processes /  |c Ed. de J. Morecroft, R. Sánchez, A. Heene. 
264 4 |a Amsterdam, Holanda :  |b Pergamon,  |c 2002, c2002 
300 |a XI, 231 p. 
336 |a texto  |b txt  |2 rdacontenido 
337 |a sin mediación  |b n  |2 rdamedio 
338 |a volumen  |b nc  |2 rdasoporte 
649 |a XX 
650 |a Formación y Capacitación Laboral 
650 |a Solución de Problemas 
650 |a Toma de Decisiones 
650 |a Cambio Organizacional 
650 |a Recursos Humanos 
650 |a Planeación Estratégica 
650 |a Planeación Administrativa 
650 |a Administración Financiera 
650 |a Administración del Producto 
650 |a Comunicación Organizacional 
650 |a Proceso Administrativo 
650 |a Exito Administrativo 
650 |a Empresas -  |x Administración 
650 |a Ciencias Administrativas 
700 |a Sánchez, Ron  |e (edición) 
700 |a Heene, Aimé  |e (edición) 
910 |a Fondo General 
920 |a Impresos - Libros 
930 |a Colección General 
905 |a 101 
901 |a 0500064882  |b IT1  |c ACC  |u 20250521 
901 |a 0500064885  |b IT1  |c ACC  |u 20250521 
902 |a https://opac.biblio.iteso.mx/vufind/Record/000136021